000 00818nam a2200205 i 4500
001 190003
003 ES-MaACL
005 20230906223619.0
008 200304s1975 sp |||| | spa d
080 _a331.116.3(043.2)
100 1 _aGarcía Fernández, Manuel (
_d1946-)
_9169829
245 1 3 _aNegociación colectiva a nivel de empresa /
_cpor Manuel García Fernández.
260 _aBarcelona :
_b[Universidad, Facultad de Derecho],
_c1975.
300 _a18 p. ;
_c24 cm.
502 _aTesis-Univ. Barcelona (Extracto)
594 _aPrecede al tít.: Universidad de Barcelona. Secretariado de Publicaciones, Intercambio Científico y Extensión Universitaria.
650 4 _aConvenios colectivos.
_9151760
710 2 _aUniversidad de Barcelona.
_bFacultad de Derecho.
_97147
852 4 _aES-MaACL
_jP-1414-23
999 _c190003
_d190003